<?xml version="1.0" encoding="UTF-8"?>
<record
    xmlns:xsi="http://www.w3.org/2001/XMLSchema-instance"
    xsi:schemaLocation="http://www.loc.gov/MARC21/slim http://www.loc.gov/standards/marcxml/schema/MARC21slim.xsd"
    xmlns="http://www.loc.gov/MARC21/slim">

  <leader>00385nam a2200133 a 4500</leader>
  <controlfield tag="005">20140414093843.0</controlfield>
  <controlfield tag="008">090422s19uu    xx uuu              eng d</controlfield>
  <datafield tag="050" ind1=" " ind2=" ">
    <subfield code="a">DVD 940.53</subfield>
    <subfield code="b">HOR 2005</subfield>
  </datafield>
  <datafield tag="245" ind1=" " ind2=" ">
    <subfield code="a">Horror in the East :</subfield>
    <subfield code="b">turning against the West, death before surrender.</subfield>
  </datafield>
  <datafield tag="440" ind1=" " ind2=" ">
    <subfield code="a">World War II Collection</subfield>
  </datafield>
  <datafield tag="650" ind1=" " ind2=" ">
    <subfield code="a">World War, 1939-1945.</subfield>
  </datafield>
  <datafield tag="942" ind1=" " ind2=" ">
    <subfield code="c">AVM</subfield>
  </datafield>
  <datafield tag="999" ind1=" " ind2=" ">
    <subfield code="c">109437</subfield>
    <subfield code="d">109437</subfield>
  </datafield>
  <datafield tag="952" ind1=" " ind2=" ">
    <subfield code="0">0</subfield>
    <subfield code="1">0</subfield>
    <subfield code="4">0</subfield>
    <subfield code="5">0</subfield>
    <subfield code="a">LUX</subfield>
    <subfield code="b">LUX</subfield>
    <subfield code="c">AV</subfield>
    <subfield code="d">2009-04-22</subfield>
    <subfield code="e">Lib. Fund</subfield>
    <subfield code="g">500.00</subfield>
    <subfield code="l">0</subfield>
    <subfield code="o">DVD 940.53 HOR 2005</subfield>
    <subfield code="p">AV1079</subfield>
    <subfield code="r">2014-04-14 00:00:00</subfield>
    <subfield code="w">2014-04-14</subfield>
    <subfield code="y">AVM</subfield>
  </datafield>
</record>
